| 000 | 00951nam a22003377a 4500 | ||
|---|---|---|---|
| 001 | 0011617 | ||
| 003 | KOHA_MİRAKIL | ||
| 005 | 20260207001823.0 | ||
| 007 | ta | ||
| 008 | 091215b1993 tu |||grd|||#0|||0|tur | | ||
| 020 | _a9757368261 | ||
| 040 |
_aTR-BiSEU _btur _cTR-BiSEU _erda |
||
| 041 | 0 | _atur | |
| 044 | _ctu | ||
| 050 |
_aT9 _b.A62 1993 |
||
| 245 | 0 |
_aAlmanca-Türkçe teknik terimler sözlüğü/ _ceditör Nuri Özbalkan. |
|
| 250 | _a 6. bs. | ||
| 264 | 1 |
_aİstanbul : _bAlfa Yayınları _c1993 |
|
| 300 | _a934 sayfa; 30 cm. | ||
| 336 |
_ametin _btxt _2rdacontent |
||
| 337 |
_aaracısız _bn _2rdamedia |
||
| 338 |
_acilt _bnc _2rdacarrier |
||
| 490 | 1 |
_aYayın No ; _v144. |
|
| 490 | 1 |
_aSözlük Dizisi ; _v6. |
|
| 650 | 0 |
_aTeknolji--Sözlükler. _928306 |
|
| 650 | 0 |
_aSözlükler--Teknoloji. _93471 |
|
| 830 | 1 |
_aYayın No ; _v144. _91861 |
|
| 830 | 1 |
_aSözlük Dizisi ; _v6. _922781 |
|
| 907 | _aSözlük | ||
| 942 |
_2lcc _cBK |
||
| 999 |
_c11586 _d11586 |
||